• 首页
  • 本馆介绍
  • 公告通知
  • 最新文献
  • 馆藏检索
  • 电子资源
  • 读者导购
  • 参考咨询
  • 我的图书馆
  • 登录
  • 详细信息显示
  • 放入我的书架
  • 预约/预借图书
  • 作者相关作品
  • 分类相关作品
  • 丛书相关作品
  • 出版社相关作品

书目信息

  • 表格格式
  • 工作单格式
  • 卡片格式
题名:
禁毒法律规和合约
    
 
作者: ;国家禁毒委员会办公室 编
分册:  
出版信息:   北京经济科学技术出版社  199 .08
页数: 264页
开本: 大32开
丛书名:
单 册:
中图分类: D922.149
科图分类:
主题词: 法律--中国
电子资源:
ISBN:
000 00588nam0 2200193 45
001 0308271083
005 20030827105619.9
010    @dRMB12.80
100    @a20030827d0199 km y0chiy0120 ea
101    @achi
105    @a z 000yy
200 1  @a禁毒法律规和合约@Ajin du fa lu gui he he yue@f国家禁毒委员会办公室编@Fguo jia jin du wei yuan hui ban gong shi bian
210    @c北京经济科学技术出版社@d199 .08
215    @a264页@c无图表@d大32开
606 0  @a法律@x中国
690    @aD922.149@v3
711  0 @a国家禁毒委员会办公室@4编
801    @aCN@b@c20030827
905    @aBZT@dD922.149@e151
    
    禁毒法律规和合约/国家禁毒委员会办公室编.-北京经济科学技术出版社,199 .08
    264页:无图表;大32开
    
    
    ISBN :RMB12.80
    
●
相关链接 在五车中查询图书 在当当中查询图书 在豆瓣中查询图书


正题名:禁毒法律规和合约     索取号:D922.149/151         预约/预借

序号 登录号 条形码 馆藏地/架位号 状态 备注
1 83492   200090980   中心书库南/012架B面6层9列/ [索取号:D922.149/151] 在馆    
2 83493   200090944   中心书库南/012架B面6层9列/ [索取号:D922.149/151] 在馆    
3 83494   200090953   中心书库南/012架B面6层9列/ [索取号:D922.149/151] 在馆    
4 83495   200090962   中心书库南/012架B面6层9列/ [索取号:D922.149/151] 在馆    
5 83496   200090971   中心书库南/012架B面6层9列/ [索取号:D922.149/151] 在馆    
山东省滨州职业学院图书馆 欢迎您!
大连网信软件有限公司© 版权所有